Modern labour economics : (Record no. 4930)
[ view plain ]
| 000 -LEADER | |
|---|---|
| fixed length control field | 00599cac a22001811u 4500 |
| 090 ## - LOCALLY ASSIGNED LC-TYPE CALL NUMBER (OCLC); LOCAL CALL NUMBER (OCLC) | |
| -- | 4930 |
| 008 - FIXED-LENGTH DATA ELEMENTS--GENERAL INFORMATION | |
| fixed length control field | 081223t xxu||||| |||| 00| 0 eng d |
| 010 ## - LIBRARY OF CONGRESS CONTROL NUMBER | |
| LC control number | 28511034 |
| 020 ## - INTERNATIONAL STANDARD BOOK NUMBER | |
| International Standard Book Number | 0321115260 |
| 082 ## - DEWEY DECIMAL CLASSIFICATION NUMBER | |
| Classification number | 331 |
| Item number | EHR |
| 245 ## - TITLE STATEMENT | |
| Title | Modern labour economics : |
| Remainder of title | theory and public policy / |
| Statement of responsibility, etc | Ronald G. Ehrenberg, Robert S. Smith, Richard P Chaykowski. |
| 250 ## - EDITION STATEMENT | |
| Remainder of edition statement | Canadian ed. |
| 260 ## - PUBLICATION, DISTRIBUTION, ETC. (IMPRINT) | |
| Place of publication, distribution, etc | Toronto : |
| Name of publisher, distributor, etc | Pearson Addison Wesley, |
| Date of publication, distribution, etc | c2004. |
| 300 ## - PHYSICAL DESCRIPTION | |
| Extent | 560 p. : |
| Other physical details | ill; |
| Dimensions | 25 cm. |
| 500 ## - GENERAL NOTE | |
| General note | Includes index. |
| 500 ## - GENERAL NOTE | |
| General note | Some eds. published under title: Modern Labor economics. |
| 942 ## - ADDED ENTRY ELEMENTS (KOHA) | |
| Item type | NB - Book (Non borrowing) |
| Call number prefix | 331EHR |
| Source of classification or shelving scheme | Dewey Decimal Classification |
| Withdrawn status | Item status | Source of classification or shelving scheme | Damaged status | Not for loan | Home library | Current library | Shelving location | Date acquired | Source of acquisition | Total Checkouts | Full call number | Barcode | Date last seen | Date last borrowed | Koha item type | Total Renewals |
|---|---|---|---|---|---|---|---|---|---|---|---|---|---|---|---|---|
| Dewey Decimal Classification | Central Library | Central Library | First floor | 02/10/2007 | Purchase | 2 | 331 EHR | 000005989 | 15/07/2025 | 02/03/2014 | NB - Book (Non borrowing) | |||||
| Dewey Decimal Classification | Central Library | Central Library | First floor | 23/12/2008 | Purchase | 2 | 331 EHR | 000005993 | 15/07/2025 | 25/09/2016 | Book - Borrowing | 19 |